000 00384nam a2200169Ia 4500
008 210210b1911 xxu||||| |||| 00| 0 eng d
041 _aeng
082 _a444/152
100 _aSCRIBE ET LEGOUVE
245 _aBataille de dames
260 _aLondon
_bMacmillan & Co. Ltd.
_c1911
650 _ade
650 _adames
650 _aBataille
690 _aFrench
906 _a006347
999 _c129169
_d129169